LEADER 01654nam a2200397 a 4500 001 000000079522 003 CaOOAMICUS 005 20140325094312.0 008 040607s2004 it u000 u ita r 020 $a8804534095 035 $a10997976 040 $aPUL$bita 041 1 $aita$hpol 100 0 $aIohannes Paulus PP.$bII,$csanto,$d1920-2005.$0(OLS)http://pul/name/1830 240 10$aWasta?cie, Chod?my!.$lItaliano.$0(OLS)http://pul/title/104134 245 10$aAlzatevi, andiamo! /$cGiovanni Paolo II ; [traduzione di Zofia J. Brzozowska Scga]. 260 $aMilano :$bMondadori,$cc2004. 300 $a177 p. ;$c22 cm 500 $aComprende indice. 650 4$aVescovi.$0(OLS)http://pul/subject/210 650 4$aVocazione sacerdotale.$0(OLS)http://pul/subject/1302 650 4$aTeologia pastorale.$0(OLS)http://pul/subject/1301 850 $aPUL 852 $aPUL$W1$xSL Religione 3$y85$m282. 092 GIOPA2 1$j119775$qDDC 21$B122919$CPULBib$Z2$F122919 $H95253 $82 852 $aPUL$W1$xDP1 Fondo E. Rossi$y115$m7 A 126$j158905$a2. copia$qFondi$B158427$CPULBib$Z2$F158427 $82 900 $aWojtyla, Karol,$cs.,$d1920-2005$91830 900 $aGiovanni Paolo II,$cpapa, s.,$d1920-2005$91830 910 $aPapi (1978-2005 : Iohannes Paulus PP. II)$91830 910 $aPapi (1978-2005 : Iohannes Paulus PP. II)$91830 941 1 $a9 941 1 $a1 960 $aPastorale$91301 996 $6020$a8804534095$9(OLS)http://pul/number/104612 996 $6245$aAlzatevi, andiamo!$9(OLS)http://pul/title/104135 996 $6260$aMilano :$bMondadori$9(OLS)http://pul/publisher/50297 LEADER 01311nam a2200301 a 4500 001 000000128148 003 CaOOAMICUS 005 20120322112710.0 008 120322s2011 it u000 u ita r 020 $a978-88-215-7165-7 040 $aPUL$bita 082 04$a231.7 100 1 $aMoriconi, Bruno.$0(OLS)http://pul/name/81861 245 13$aIl dolore dell'umanità nel dolore del Figlio di Dio :$bla sofferenza alla luce del Vangelo /$cBruno Moriconi. 260 $aCinisello Balsamo :$bSan Paolo,$c©2011. 300 $a221 p. ;$c21 cm 490 1 $aUniverso teologia. Biblica ;$v94 504 $aBibliografia in nota. 650 4$aSofferenza umana.$0(OLS)http://pul/subject/38558 830 0$aUniverso teologia.$pBiblica ;$v94.$0(OLS)http://pul/title/161926 850 $aPUL 852 $aPUL$W1$xSL Religione 3$y85$m231. 7 MORBR 1$j148337$qDDC 21$B146925$CPULBib$Z2$F146925 $H118139 $82 941 1 $a9 996 $6020$a978-88-215-7165-7$9(OLS)http://pul/number/149282 996 $6082$a231.7$9(OLS)http://pul/classification/597 996 $6245$aIl dolore dell'umanità nel dolore del Figlio di Dio :$bla sofferenza alla luce del Vangelo$9(OLS)http://pul/title/161925 996 $6260$aCinisello Balsamo :$bSan Paolo$9(OLS)http://pul/publisher/54577